Výchova spotrebiteľa ako prostriedok zabezpečenia trvalo udržateľnej spotreby

Súčasná situácia v spotrebe a v spotrebiteľskom povedomí, charakterizácia trvalo udržateľnej spotreby, a tiež spotrebiteľskej výchovy ako prostriedku na jej zabezpečenie.

Gespeichert in:
Bibliographische Detailangaben
1. Verfasser: Lattová, Barbora
Format: Buchkapitel
Sprache:Slowakisch
Schlagworte:
Tags: Tag hinzufügen
Keine Tags, Fügen Sie das erste Tag hinzu!

MARC

LEADER 00000nla$a2200000$$$4500
001 0116911
005 20240502072314.0
041 0 |a slo 
044 |a SK 
245 1 0 |a Výchova spotrebiteľa ako prostriedok zabezpečenia trvalo udržateľnej spotreby  |c Barbora Lattová 
520 |a Súčasná situácia v spotrebe a v spotrebiteľskom povedomí, charakterizácia trvalo udržateľnej spotreby, a tiež spotrebiteľskej výchovy ako prostriedku na jej zabezpečenie. 
610 2 0 |a spotrebitelia 
610 2 0 |a správanie spotrebiteľa 
610 2 0 |a vzdelávanie 
610 2 0 |a spotreba 
610 2 0 |a rozvoj trvalo udržateľný 
100 1 |a Lattová, Barbora